Собрание сочинений. Т. 2: Мартин Эрроусмит (Запись № 13565635)

Подробности
000 -МАРКЕР
контрольное поле 00976nam2a2200253 4500
001 - ИДЕНТИФИКАТОР ЗАПИСИ
контрольное поле rc\2659852
005 - ИДЕНТИФИКАТОР ВЕРСИИ
контрольное поле 20260315043638.0
035 ## - ДРУГИЕ СИСТЕМНЫЕ НОМЕРА
Идентификатор записи (NLR Aleph) 006966884
100 ## - ДАННЫЕ ОБЩЕЙ ОБРАБОТКИ
Данные общей обработки 20110616d1929 u y0rusy50 ca
101 1# - ЯЗЫК РЕСУРСА
Язык текста, звукозаписи и т.д. русский
Язык оригинала английский
102 ## - СТРАНА ПУБЛИКАЦИИ ИЛИ ПРОИЗВОДСТВА
Страна публикации Российская Федерация
105 ## - ПОЛЕ КОДИРОВАННЫХ ДАННЫХ: ТЕКСТОВЫЕ МАТЕРИАЛЫ, МОНОГРАФИЧЕСКИЕ
Кодированные данные о монографическом текстовом документе y z |||||
200 1# - ЗАГЛАВИЕ И СВЕДЕНИЯ ОБ ОТВЕТСТВЕННОСТИ
Основное заглавие Мартин Эрроусмит
Сведения, относящиеся к заглавию Роман
Первые сведения об ответственности Пер. с англ. Л.Л. Домгера
Последующие сведения об ответственности под ред. Д.М. Горфинкеля
210 ## - ПУБЛИКАЦИЯ, РАСПРОСТРАНЕНИЕ И ДР.
Дата издания, распространения и т.д. 1929
215 ## - ФИЗИЧЕСКАЯ ХАРАКТЕРИСТИКА
Специфическое обозначение материала и объем 551 с.
461 #0 - УРОВЕНЬ НАБОРА
Встроенное поле 001rc\2659851
-- 2001#$aСобрание сочинений$eТ. II-$vТ. 2
-- 700#1$aЛьюис$bС.$gСинклер$f1885 - 1951
Системный номер (АБИС) связанной записи 5400968
Автор Льюис, С. (1885 - 1951)
Место публикации Москва
Дата публикации 1929
Имя издателя, распространителя и т.д. Гос. изд-во
Сведения, относящиеся к заглавию Т. II-
Заглавие Собрание сочинений
Номер тома Т. 2
702 #1 - ИМЯ ЛИЦА - ВТОРИЧНАЯ ОТВЕТСТВЕННОСТЬ
Начальный элемент ввода Домгер
Часть имени, кроме начального элемента ввода Л.Л.
Код отношения Переводчик
702 #1 - ИМЯ ЛИЦА - ВТОРИЧНАЯ ОТВЕТСТВЕННОСТЬ
Начальный элемент ввода Горфинкель
Часть имени, кроме начального элемента ввода Д.М.
Код отношения Редактор
801 #0 - ИСТОЧНИК ЗАПИСИ
Страна Российская Федерация
Организация NLR
Правила каталогизации psbo
801 #1 - ИСТОЧНИК ЗАПИСИ
Страна Российская Федерация
Организация ELAR
Источник данных rusmarc
852 ## - МЕСТОНАХОЖДЕНИЕ И ШИФР ХРАНЕНИЯ
Идентификатор организации NLR
Шифр хранения (Call Number) 73/35
942 ## - ДОПОЛНИТЕЛЬНЫЕ ЭЛЕМЕНТЫ ЗАПИСИ (АБИС)
Тип экземпляра АБИС Неопределено
980 ## - КОЛЛЕКЦИЯ
Название коллекции Национальная библиография

Нет доступных экземпляров.